Catálogo

Casa poblana : (Registro nro. 63680)

Detalles MARC
000 -LEADER
fixed length control field 01135cam a2200301 i 4500
001 - CONTROL NUMBER
control field 63680
003 - CONTROL NUMBER IDENTIFIER
control field Mx-PuUPA
005 - DATE AND TIME OF LATEST TRANSACTION
control field 20250929151415.0
008 - FIXED-LENGTH DATA ELEMENTS--GENERAL INFORMATION
fixed length control field 151021s2011 puma gr 000 0 spa d
040 ## - CATALOGING SOURCE
Original cataloging agency Mx-PuUPA
Language of cataloging spa
Transcribing agency Mx-PuUPA
Modifying agency Mx-PuUPA
Description conventions rda
041 0# - LANGUAGE CODE
Language code of text/sound track or separate title spa
043 ## - GEOGRAPHIC AREA CODE
Source of local code mx-mxbn
Local GAC code n-mx-pu
100 1# - MAIN ENTRY--PERSONAL NAME
Personal name Martínez y Torres, Lilia,
Relator term autor
9 (RLIN) 1260
245 10 - TITLE STATEMENT
Title Casa poblana :
Remainder of title el escenario de la memoria personal /
Statement of responsibility, etc. Lilia Martínez y Torres, investigación ; Adrián Mendieta, Lilia Martínez y Torres, edición de imágenes
250 ## - EDITION STATEMENT
Edition statement Primera edición
264 #1 - PRODUCTION, PUBLICATION, DISTRIBUTION, MANUFACTURE, AND COPYRIGHT NOTICE
Place of production, publication, distribution, manufacture México :
Name of producer, publisher, distributor, manufacturer Fototeca Lorenzo Becerril,
Date of production, publication, distribution, manufacture, or copyright notice 2011
300 ## - PHYSICAL DESCRIPTION
Extent 237 páginas :
Other physical details ilustraciones ;
Dimensions 33 cm.
336 ## - CONTENT TYPE
Content type term texto
Fuente rdacontent
Content type code txt
337 ## - MEDIA TYPE
Media type term sin medio
Source rdamedia
Media type code n
338 ## - CARRIER TYPE
Carrier type term volumen
Source rdacarrier
Carrier type code nc
651 #4 - SUBJECT ADDED ENTRY--GEOGRAPHIC NAME
Geographic name Puebla (ciudad)
General subdivision Vida social y costumbres
651 #4 - SUBJECT ADDED ENTRY--GEOGRAPHIC NAME
Geographic name Puebla (ciudad)
General subdivision Historia
700 1# - ADDED ENTRY--PERSONAL NAME
Personal name Mendieta, Adrián
Relator term editor de imagen
700 1# - ADDED ENTRY--PERSONAL NAME
Personal name Martínez y Torres, Lilia,
Relator term editor de imagen
9 (RLIN) 1260
942 ## - ADDED ENTRY ELEMENTS (KOHA)
Source of classification or shelving scheme Dewey Decimal Classification
Koha item type Libro
Classification part 392.360097248
Item part M28
Existencias
Withdrawn status Lost status Source of classification or shelving scheme Damaged status Not for loan Collection code Home library Current library Shelving location Date acquired Source of acquisition Total Checkouts Full call number Barcode Date last seen Price effective from Koha item type
    Dewey Decimal Classification   Consulta en sala Puebla Biblioteca Karol Wojtyla Biblioteca Karol Wojtyla Área de silencio 21/10/2015 Compra   392.360097248 M28 2011 94344 05/01/2026 04/11/2015 Folio
    Dewey Decimal Classification   Consulta en sala Puebla Biblioteca Karol Wojtyla Biblioteca Karol Wojtyla Área de silencio 21/10/2015 Compra   392.360097248 MAR 2011 94342 05/01/2026 04/11/2015 Folio